| 000 | 00787nam a2200229Ii 4500 | ||
|---|---|---|---|
| 003 | JO-AjNU | ||
| 008 | 230605s9999||||xx |||||||||||||| ||und|| | ||
| 017 | _a2011/5/1733 | ||
| 020 | _a978-9957-16-710-3 | ||
| 040 |
_aJO-AjNU _bara _erda _cJO-AjNU |
||
| 041 | _aara | ||
| 050 | 1 | 4 | _aLC4704.Q256 2012 |
| 100 | 3 |
_aالقمش، مصطفى نوري مؤلف/الجوالدة،فؤاد عيد م.مشارك, _eauthor _942643 |
|
| 245 | 0 | 0 | _aصعوبات التعلم "رؤية تطبيقية" |
| 250 | _aط1 | ||
| 264 | 3 | 1 | _aعمان:دار الثقافة،2012 |
| 300 |
_a390ص _bملحق:(ص321-366) |
||
| 336 |
_atext _btxt _2rdacontent |
||
| 337 |
_aunmediated _bn _2rdamedia |
||
| 338 |
_avolume _bnc _2rdacarrier |
||
| 650 | 4 |
_aصعوبات تعلم-طرق تطبيقية _942644 |
|
| 999 |
_aA18274 _c21842 _d21842 |
||